00353nam a2200121Ia 4500008004100000082001800041100001700059245007300076250000800149260005000157300000800207650001600215191201s2004 xx 000 0 und d a621.3191bTES aTEMES L Loyd 0aSchaum's Outlines of Theory and Problems of Electronic Communication a2nd aN.DelhibTata Mc Graw Hill Pub. Co. Ltdc2004 a178 aB.Tech(ECE)